Полутом 2; Стратиграфия СССР. Меловая система

Bibliographische Detailangaben
Parent link:Стратиграфия СССР. Меловая система: в 2 полутомах/ Академия наук СССР ; отв. ред. М. М. Москвин. Полутом 2.— , 1986-1987
Sprache:Russisch
Veröffentlicht: 1987
Schlagworte:
Format: MixedMaterials Buch
KOHA link:https://koha.lib.tpu.ru/cgi-bin/koha/opac-detail.pl?biblionumber=269238

MARC

LEADER 00000nam2a2200000 4500
001 269238
005 20231101234233.0
035 |a (RuTPU)RU\TPU\book\292411 
035 |a RU\TPU\book\288637 
090 |a 269238 
100 |a 20140916d1987 k y0rusy50 ca 
101 0 |a rus 
102 |a RU 
105 |a a z 001zy 
200 0 |a Полутом 2 
210 |d 1987 
215 |a 326 с.  |c ил.  |e 1 л. табл. 
320 |a Библиогр.: с. 300-316 
320 |a Стратиграфический указатель : с. 317-324 
461 1 |0 (RuTPU)RU\TPU\book\85075  |t Стратиграфия СССР. Меловая система  |o в 2 полутомах  |f Академия наук СССР ; отв. ред. М. М. Москвин  |v Полутом 2  |d 1986-1987  |s Стратиграфия СССР 
606 1 |a Стратиграфия  |y СССР  |2 stltpush  |3 (RuTPU)RU\TPU\subj\80221  |9 87993 
606 1 |a Меловые отложения  |2 stltpush  |3 (RuTPU)RU\TPU\subj\42061  |9 61820 
610 1 |a Тургайская область 
610 1 |a Восточный Казахстан 
610 1 |a Западная Сибирь 
610 1 |a Восточная Сибирь 
610 1 |a Забайкалье 
610 1 |a Приамурье 
610 1 |a Дальний Восток 
610 1 |a Северо-Восток России 
610 1 |a разрезы 
610 1 |a корреляция 
610 1 |a палеогеография 
610 1 |a органический мир 
610 1 |a биогеографическое районирование 
610 1 |a фауна 
610 1 |a флора 
610 1 |a полезные ископаемые 
675 |a 551.7(47+57)  |v 3 
675 |a 551.763  |v 3 
801 1 |a RU  |b 63413507  |c 20140627 
801 2 |a RU  |b 63413507  |c 20200611  |g RCR 
942 |c BK